000 00718nam a2200169 4500
999 _c13817
_d13817
020 _a9780984434947
082 _a220.958 A9865m 2011
100 _aAzumi, Ryo
245 _aManga messengers :
_bDo they bring us words of life... or death? /
_cscript writer & artist, Ryo Azumi ; art director, Ai Kunii ; English editor, Joshua Ginter ; supervisors, Akiko Murooka, Kenji ; coordinator, Ayako Mosaku
260 _aJapan
_bNEXT
_cc2011
300 _a282 pages :
_bchiefly color illustrations ;
_c20.5 cm.
526 _a200-299
_d220
650 _aComic books, strips, etc. -- Religious aspects
650 _aBible stories, English -- Old Testament
650 _aChristian life -- Juvenile literature
942 _2ddc
_cBK